A arte de viver para a geracao nova /

Saved in:
Bibliographic Details
Main Author: Vaneigem, Raoul, 1934-
Format: Book
Language:English
Published: Porto : Afrontamento, 1975.
Series:O saco de Lacraus
Subjects:
LEADER 00887nam a2200229 i 4500
001 c000026954
003 CARM
005 00000000000000.0
008 850320s1975 xx 0 eng d
019 1 |a 9250612  |z 58037367  |5 LACONCORD2021 
035 |a (OCoLC)221298405  |5 LACONCORD2021 
100 1 |a Vaneigem, Raoul,  |d 1934-. 
240 1 0 |a Traite de savoir-vivre a l'usage des jeunes generations .  |l Portuguese 
245 1 0 |a A arte de viver para a geracao nova /  |c Raoul Vaneigem. 
260 |a Porto :  |b Afrontamento,  |c 1975. 
300 |a 305 p. 
490 0 |a O saco de Lacraus 
650 0 |a Youth  |x Conduct of life. 
650 0 |a Civilization, Modern  |y 1950- 
852 8 |b CARM  |h A2:AE27G0  |i A00051  |p 0018324  |f BK 
999 f f |i dbd966ed-1019-5209-86b9-4ac72194386f  |s ee24a5fb-2462-593a-99e1-096b6d10f849 
952 f f |p Can circulate  |a CAVAL  |b CAVAL  |c CAVAL  |d CARM 1 Store  |e A00051  |f A2:AE27G0  |h Other scheme  |i book  |m 0018324